Famous People from California (Picture Version) - Statistics

General Stats
  • This quiz has been taken 159 times
  • The average score is 7 of 12
Answer Stats
Picture Answer % Correct
Steve Jobs
99%
Marilyn Monroe
92%
Richard Nixon
88%
Katy Perry
86%
Clint Eastwood
74%
George Lucas
64%
Robert Redford
60%
George Patton
46%
George Lopez
44%
Gavin Newsom
29%
Shirley Temple
21%
Adam Lambert
18%
No matching quizzes found
Score Distribution
Percent of People with Each Score
Percentile by Number Answered
Your Score History
You have not taken this quiz